Responses for Show #2215 - Friday, April 1, 1994

Contestants

[<< previous game]

Russell McConnell, an actor from Los Angeles, California

Geoff Rice, a physician originally from St. Louis, Missouri

Matt Dickey, a computer programmer from San Diego, California (whose 1-day cash winnings total $13,100)

[next game >>]

Jeopardy! Round responses

FLOWERS
FADS
TRAVEL & TOURISM
20th CENTURY AMERICA
WEIGHTS & MEASURES 3
(Alex: Each clue in this category has to do with three. It's self-explanatory when you get into it.)
VOCABULARY
    $100 9
(Russell: What is white?)

orange

GeoffRussell
    $100 24
goldfish

Matt
    $100 12
Kentucky

Russell
    $100 19
smoking

Russell
    $100 6
Feet

Russell
    $100 1
salary

Russell
    $900 10
a bird of paradise flower

Geoff
    $200 27
the hula hoop

Matt
    $200 13
Panama

Russell
    $200 20
Blondie

Russell
    $200 7
a strike

Geoff
    $200 2
bard

Russell
    $300 11
phlox

Triple Stumper
    $300 28
Monopoly

Matt
    $300 14
Desire

Matt
    $300 21
the Astrodome

Geoff
    $300 8
triplets

Geoff
    $300 3
a woofer

Geoff
    $400 25
acidity

Geoff
    $400 29
disco

Russell
    $400 15
La Scala

Russell
    $400 22
the Columbia

Matt
    $400 17
a tablespoon

Matt
    $400 4
a chore

Matt
    $500 26
marigolds

Russell
    $500 30
a pet rock

Russell
    $500 16
Philadelphia

Matt
    $500 23
Spellman

Russell
    $500 18
magnums

Russell
    $500 5
(Alex: From "gaze".)

a gazebo

Matt

Scores at the first commercial break (after clue 15):

Matt Geoff Russell
$1,200 $1,800 $1,000

Scores at the end of the Jeopardy! Round:

Matt Geoff Russell
$3,100 $2,500 $3,700

Double Jeopardy! Round responses

BRITISH HISTORY
THE MOVIES
WORLD GEOGRAPHY
COMPOSERS
THE JUSTICE DEPARTMENT
JOHNS IN LITERATURE
    $200 10
Margaret Thatcher

Matt
    $200 16
The African Queen

Matt
    $200 1
the Pacific

Matt
    $200 21
Verdi

Matt
    $200 26
marijuana

Matt
    $200 6
Michael Crichton

Matt
    $400 11
the Gunpowder Plot

Russell
    $400 17
(Matt: Who was Bo Derek?)

Julie Andrews

MattGeoff
    $400 2
the Ganges

Russell
    $400 22
Beethoven

Geoff
    $400 27
the FBI

Russell
    $400 7
(Matt: What is Little Woman?)
[Originally ruled correct; reversed before clue 24]

Little Women

Matt
Triple Stumper
    $600 12
(Russell: What is Planned Parenthood?)
[Originally ruled incorrect; reversed before clue 24]

a birth control clinic

Russell
    $600 18
Lincoln

Russell
    $600 3
Nepal

Russell
    $600 23
(Antonio) Vivaldi

Matt
    $600 28
the INS (Immigration & Naturalization Service)

Russell
    $600 8
Tom Canty

Triple Stumper
    $800 13
(Matt: Who was Johnson?)
(Alex: Which one?)

Samuel Johnson

Matt
    $800 19
Patsy Cline

Russell
    $800 4
New Zealand

Matt
    $2,000 24
(Matt: Who is Copland?)

Leonard Bernstein

Matt
    $800 29
marshals

Russell
    $800 9
Willa Cather

Geoff
    $1000 15
Wat Tyler's revolt

Geoff
    $1000 20
The Bicycle Thief

Russell
    $1,000 5
Nairobi

Matt
    $1000 25
Rimsky-Korsakov

Russell
    $1000 30
Interpol

Matt
    $1000 14
Little Lord Fauntleroy

Triple Stumper

Scores at the end of the Double Jeopardy! Round:

Matt Geoff Russell
$5,700 $5,100 $10,900

[wagering suggestions for these scores]

Final Jeopardy! Round responses

BUSINESS LEADERS
(Alex: The man's name is [*], and he did set up Domino's Pizza, and he was once the owner of the Detroit Tigers baseball team.)
GeoffWho is ?
$5,099
MattWho is Domino?
$5,300
RussellWho is Domino?
$501
Tom Monaghan

Final scores:

Matt Geoff Russell
$400 $1 $10,399
2nd place: Twinhead notebook computer + Houghton Mifflin reference book collection 3rd place: trip to Palm Springs, California + Wheel of Fortune & Jeopardy! for the Super Nintendo & Sega Genesis New champion: $10,399

Game dynamics:

Coryat scores:

Matt Geoff Russell
$7,700 $4,400 $10,900
20 R
(including 1 DD),
3 W
(including 1 DD)
11 R
(including 1 DD),
0 W
24 R,
1 W

Combined Coryat: $23,000

[game clues] [game scores] [suggest correction]

Game tape date: 1993-12-14
The J! Archive is created by fans, for fans. Scraping, republication, monetization, and malicious use prohibited; this site may use cookies and collect identifying information. See terms. The Jeopardy! game show and all elements thereof, including but not limited to copyright and trademark thereto, are the property of Jeopardy Productions, Inc. and are protected under law. This website is not affiliated with, sponsored by, or operated by Jeopardy Productions, Inc. Join the discussion at JBoard.tv.